000 00464nam a2200229Ia 4500
001 074290
003 YMCAF
005 20230512160913.0
008 100717s9999 ||||||||||||||||| ||und|d
020 _a-
024 _a74290
035 _a13753
040 _aYMCAF
_beng
_cIN-KoLT
041 _aeng
082 _a620.112
_bSAD
100 _aSADHU, SINGH
245 0 _aSTRENGTH OF MATERIALS
250 _a-
653 _a-
653 _a-
942 _2ddc
_cBK
999 _c7129
_d7129